Física conceptual

Guardat en:
Dades bibliogràfiques
Autor principal: Hewitt, Paul G (Autor)
Format: Llibre
Idioma:espanyol
Publicat: Ciudad de México Pearson Educación 2004
Edició:9a. ed
Matèries:
Etiquetes: Afegir etiqueta
Sense etiquetes, Sigues el primer a etiquetar aquest registre!

MARC

LEADER 00000nam a2200000 a 4500
001 UCL6943
003 CL-VaPUC
005 20240913093811.0
008 040423e20040000MX |||||||||||||||||spa|d
999 |c 308819  |d 308817 
020 |a 9702604478 
040 |c Pontificia Universidad Católica de Valparaíso 
082 0 4 |a 530  |b HEW  |2 21 
100 |a Hewitt, Paul G  |e author  |9 529586 
245 1 0 |a Física conceptual 
250 |a 9a. ed 
260 |a Ciudad de México  |b Pearson Educación  |c 2004 
300 |a 789 p 
583 |a last modification  |c 20160617 12:04:25  |k Rodrigo Vera 
650 0 |a Física  |9 259431  |x Conceptos 
650 0 |a Mecánica  |x Leyes de Newton  |9 891159 
650 7 |a Propiedades de la Materia  |2 CL-VaPUC  |9 363940  |x Sólido  |x Líquido  |x Gaseoso 
650 7 |a Termodinámica  |2 CL-VaPUC  |9 344732  |x Calor  |x Ondas Sonoras 
650 0 |a Electricidad   |9 260096  |x Magnetismo 
942 |c BK  |2 ddc 
945 |d 20040423 00:00:00  |a cmena 
952 |0 0  |1 0  |4 0  |6 530_000000000000000_HEW_2004  |7 0  |8 A  |9 375690  |a BIBCUR  |b BIBCUR  |d 2019-11-21  |i 4007573  |l 1  |o 530 HEW 2004  |p 4007573  |r 2025-04-22  |s 2020-03-17  |w 2019-11-21  |y BK  |k FIS 
952 |0 0  |1 0  |2 ddc  |4 0  |6 530_000000000000000_HEW_2004  |7 0  |8 A  |9 375691  |a BIBING  |b BIBING  |c RES  |d 2019-11-21  |i 4375629  |l 2  |o 530 HEW 2004  |p 4375629  |r 2025-01-20  |s 2020-03-18  |w 2019-11-21  |y BK  |k EIE